000 00821nja a2200217 a 4500
003 BLK
005 20240604005407.0
008 180414c bul|r|ner|||| 00| c0bul d
010 _aNOT00003072160
040 _aBLK
100 1 _aХристов, Добри Лазаров
_eпърви автор
_9376372
700 _aЕлин Пелин
_qСтоянов, Димитър Иванов
_9363511
245 1 0 _aРождество Христово
_cДобри Лазаров Христов; текст Елин Пелин.
257 _aBGR
380 _a7
773 _0315112
_9667894
_aХристов, Добри Лазаров
_tГодината в песни
852 _aЦб М ІІ 11784
942 _cNOT
_n0
944 _aCR
_c14.01.2010
_k
_lCRON CRON
944 _aED
_c12.11.2014
_kВиолета_Тройчева
999 _c315272
_d315272